| 000 | 00383nam a22001337a 4500 | ||
|---|---|---|---|
| 020 | _a9789698453022 | ||
| 082 | _a620 | ||
| 100 | _aAbid, Muhammad | ||
| 245 | _aInternational Symposium on Frontiers of Computational Sciences | ||
| 260 |
_aKhyber Pakhtunkhwa : _bFaculty of Mechanical Engineering GIKIEST, _c2012. |
||
| 300 |
_a387 p. ; _b28 cm. |
||
| 500 | _aPaperback. | ||
| 942 | _cBK | ||
| 999 |
_c34183 _d34183 |
||